| 000 | 00613nam a2200193Ia 4500 | ||
|---|---|---|---|
| 999 |
_c195440 _d195440 |
||
| 005 | 20230328163223.0 | ||
| 010 | _aENG-136518 | ||
| 020 |
_c999.00 _a9789393435064 |
||
| 035 | _aEN-120050 | ||
| 037 | _bDBAD/PUB | ||
| 082 | _a954.63 | ||
| 100 | _aParinoor | ||
| 245 |
_aGlorious History Of Sikhism / _cBy Parinoor |
||
| 250 | _aFirst | ||
| 260 |
_c2020 _aGhaziabad _bRathore Publishers & Distriburers |
||
| 270 |
_aBasemnt-260, Shaktikand-III, indirapuram _bUttar Pradesh _e201010 _k9958828738 _mrathorepublishers@gmail.com |
||
| 300 |
_a296p. : _c22cm(pbk) |
||
| 942 |
_cEN _2ddc _mPAR _h954.63 |
||